000 00361nam a2200133Ia 4500
008 100328s9999 xx 000 0 und d
082 _b18991
100 _aमाटे श्री. म.
245 _aभाव-कथा
260 _bपं.अ.कुलकर्णी
630 _aभाव-कथा
730 _aभाव-कथा
942 _cBOOK
999 _c513346
_d513343